Normal view
MARC view
- Khan, Capt Zeeshan
Entry Personal Name
001 - CONTROL NUMBER
- control field: 36120
003 - CONTROL NUMBER IDENTIFIER
- control field: NUST
005 - DATE AND TIME OF LATEST TRANSACTION
- control field: 20210312152109.0
008 - FIXED-LENGTH DATA ELEMENTS
- fixed length control field: 210312|| aca||aabn | a|a d
040 ## - CATALOGING SOURCE
- Original cataloging agency: NUST
- Transcribing agency: NUST
100 ## - HEADING--PERSONAL NAME
- Personal name: Khan, Capt Zeeshan
670 ## - SOURCE DATA FOUND
- Source citation: Work cat.: (NUST)15122: Waheed, Capt Junaid 36115, Analysis of Hot Mix Asphalt Using Butyl Rubber , 2020.
